| 000 | 00509nam a2200145 a 4500 | ||
|---|---|---|---|
| 005 | 20140408090127.0 | ||
| 008 | 060725s19uu xx 00 eng d | ||
| 050 |
_aPHS '06 _bC22 #14 |
||
| 100 | _aCaronongan, R. Aliza P. | ||
| 245 |
_aEffects of the "Da Vinci Code" on the strength of faith of selected Christian readers / _cR. Aliza P. Caronongan. |
||
| 260 |
_aLas Pinas City : _bSouthville International School and Colleges, _c2006. |
||
| 300 | _a44 leaves | ||
| 650 | _aDescriptive method. | ||
| 942 | _cPASS | ||
| 999 |
_c97582 _d97582 |
||